Compendio di Diritto Processuale penale

Bibliographic Details
Main Author: Ambrogio, Stefano
Format: eBook
Language:Italian
Published: Piacenza: Casa Editrice La Tribuna, 2012
Subjects:
Online Access:Acceso restringido

MARC

LEADER 00000nam a22000007a 4500
005 20120808125931.0
007 cr|||| ||||
008 120808s2012 it |||||s|||| 00||0 ita d
020 |a 9788861329706 
035 |a 6606 
040 |a vLex 
090 |c 3352  |d 3352 
100 1 |a Ambrogio, Stefano 
245 1 0 |a Compendio di Diritto Processuale penale  |h [Recurso electrn̤ico] /  |c Stefano Ambrogio  
256 |a Servicio en ln̕ea 
260 |a Piacenza:  |b Casa Editrice La Tribuna,   |c 2012 
300 |a 1 recurso electrn̤ico 
506 1 |a Contenido solo disponible en los productos indicados  |d vLex Global   |d vLex Global (Academic Edition, excluding Law Schools)   |d vLex Global (U.S. Academic Edition, Law Schools)   |d vLex Global (U.S. Academic Edition, excluding Law Schools)   |d vLex Global (Academic Edition, Law Schools)  
650 0 4 |a Derecho procesal  |z Italia 
740 0 |a vLex Libros (Servicio en ln̕ea) 
856 4 0 |u http://vlex.com/source/compendio-diritto-processuale-penale-6606  |z Acceso restringido 
942 |c BOOK 
999 0 |a Procedure (Law)